Death in Banaras

Αποθηκεύτηκε σε:
Λεπτομέρειες βιβλιογραφικής εγγραφής
Κύριος συγγραφέας: Parry, Jonathan P.
Μορφή: Βιβλίο
Γλώσσα:English
Δημοσίευση: Cambridge : Cambridge University Press, 1994
Σειρά:Lewis Henry Morgan lectures
Θέματα:
Ετικέτες: Προσθήκη ετικέτας
Δεν υπάρχουν, Καταχωρήστε ετικέτα πρώτοι!

MARC

LEADER 00000nam a2200000 i 4500
001 1/5628
008 960611s1994 eng d
020 |a 0-521-46074-3 
035 |l 10016073 
040 |a GR-MY-UA  |b gre  |e aacr 
041 0 |a eng 
082 0 |a 393.9  
100 1 |a Parry, Jonathan P. 
245 1 0 |a Death in Banaras /  |c Jonathan P. Parry 
260 |a Cambridge :   |b Cambridge University Press,   |c 1994 
300 |a 314 p.  |b maps; tables; fig. 
490 1 |a The Lewis Henry Morgan lectures 
504 |a Includes bibliographical references and index 
650 0 0 |a Funeral rites and ceremonies,Hindu  |z India  |z Varanasi. 
650 0 0 |a Death  |x Religious aspects  |x Hinduism. 
650 0 0 |a Cremation  |x Religious aspects  |x Hiduism. 
650 0 0 |a Hinduism  |x Customs and practices. 
651 0 |a Varanasi (Uttar Pradesh, India)  |x Religious life and customs. 
830 0 |a Lewis Henry Morgan lectures 
852 |a INST  |b LESVOS  |c BK  |e 19960611  |h 393.9 PAR  |p 005100009968  |q 005100009968  |t BK  |y 0 
852 |a INST  |b LESVOS  |c BK  |e 19990630  |h 393.9 PAR  |p 005100015929  |q 005100015929  |t BK  |y 0 
909 |a Λ  |b 044193 
909 |a Λ  |b 066526 
922 |a 1ΔΩΡ  |b 199906  |c ΤΚΑ